000
00332nam a2200133Ia 4500
999
_c
6756
_d
6756
003
OSt
008
191201s2014 xx 000 0 und d
100
_a
QUINN, Jason
245
0
_a
Gandhi Mera Jivan Hee Mera Sandesh
260
_b
KALYANI NAVYUG MEDIA PVT LTD
_c
2014
300
_a
205
650
_a
General Books
942
_2
ddc
_c
BK
_0
1